[Event "Böblinger Open 2015"]
[Site "Böblingen"]
[Date "2015.12.30"]
[Round "9.6"]
[White "Kostic, Vladimir"]
[Black "Stupak, Kirill"]
[Result "0-1"]
[WhiteElo "2369"]
[BlackElo "2542"]
[PlyCount "56"]
[EventDate "2015.12.??"]
[EventType "swiss"]
[EventRounds "9"]
[WhiteTeam "SK München Südost"]

1. Nf3 d5 2. d4 Nf6 3. c4 e6 4. e3 Be7 5. Nc3 O-O 6. Qc2 b6 7. Bd2 Bb7 8. cxd5
exd5 9. Bd3 c5 10. O-O Nc6 11. a3 c4 12. Bf5 g6 13. Bh3 Bd6 14. Rad1 Re8 15.
Bc1 a6 16. Rfe1 b5 17. e4 dxe4 18. Nxe4 Rxe4 19. Rxe4 Nb4 20. axb4 Bxe4 21. Qe2
Bd3 22. Qe1 Bc2 23. Rd2 Bxb4 24. Qe5 Bxd2 25. Bxd2 Ne4 26. Bh6 Qf6 27. Qc7 g5
28. Qb7 Rd8 0-1

[Event "Böblinger Open 2015"]
[Site "Böblingen"]
[Date "2015.12.30"]
[Round "9.7"]
[White "Dann, Matthias"]
[Black "Klein, Felix"]
[Result "1/2-1/2"]
[WhiteElo "2477"]
[BlackElo "2344"]
[PlyCount "146"]
[EventDate "2015.12.??"]
[EventType "swiss"]
[EventRounds "9"]
[WhiteTeam "TSV Schott Mainz"]
[BlackTeam "Aachener SV"]

1. e4 c5 2. Nf3 e6 3. d4 cxd4 4. Nxd4 a6 5. Nc3 Qc7 6. Bd3 Nf6 7. f4 b5 8. e5
b4 9. Na4 Nd5 10. Be4 Bb7 11. O-O Nc3 12. Nxc3 bxc3 13. Qf3 cxb2 14. Bxb2 Bxe4
15. Qxe4 Nc6 16. f5 Qxe5 17. Qxe5 Nxe5 18. fxe6 f6 19. Kh1 Rb8 20. Rab1 dxe6
21. Nxe6 Kd7 22. Nf4 Bd6 23. Bxe5 Bxe5 24. Nd3 Rhc8 25. Rb3 Rxb3 26. cxb3 Rc2
27. Nb4 Rb2 28. Nxa6 Bd6 29. Rd1 Kc6 30. b4 Rxa2 31. Nc5 Rb2 32. Ne6 g6 33.
Nd4+ Kb6 34. b5 Be5 35. g3 Kc5 36. Ne6+ Kxb5 37. Rd7 Kc6 38. Rxh7 Kd5 39. Nf4+
Bxf4 40. gxf4 Ke4 41. Kg1 Kxf4 42. Rh4+ Kf5 43. Rh3 g5 44. Ra3 Kg4 45. Ra4+ Kh3
46. Ra3+ Kh4 47. Rf3 Rb6 48. Kg2 Kg4 49. Rg3+ Kh5 50. Rh3+ Kg6 51. Ra3 f5 52.
Rc3 Rb2+ 53. Kg1 Kh5 54. Ra3 Kh4 55. Rc3 f4 56. Ra3 Kg4 57. Rc3 Re2 58. Ra3 Re3
59. Ra8 Kf3 60. Ra1 Rb3 61. Rc1 Rb2 62. Rf1+ Ke3 63. Re1+ Re2 64. Ra1 Rd2 65.
Re1+ Kf3 66. Ra1 g4 67. Rf1+ Ke3 68. Re1+ Kd3 69. Re8 f3 70. Rd8+ Ke2 71. Rxd2+
Kxd2 72. Kf2 Kd3 73. h3 gxh3 1/2-1/2

[Event "Böblinger Open 2015"]
[Site "Böblingen"]
[Date "2015.12.30"]
[Round "9.8"]
[White "Hirneise, Tobias"]
[Black "Möhn, Hans"]
[Result "1/2-1/2"]
[WhiteElo "2452"]
[BlackElo "2383"]
[PlyCount "23"]
[EventDate "2015.12.??"]
[EventType "swiss"]
[EventRounds "9"]
[WhiteTeam "SF Deizisau"]
[BlackTeam "USV TU Dresden"]

1. d4 Nf6 2. c4 g6 3. g3 Bg7 4. Nf3 O-O 5. Bg2 d6 6. O-O Nc6 7. Nc3 a6 8. d5
Na5 9. b3 c5 10. dxc6 Nxc6 11. Bb2 Qa5 12. Nd5 1/2-1/2

[Event "Böblinger Open 2015"]
[Site "Böblingen"]
[Date "2015.12.30"]
[Round "9.9"]
[White "Pogorelow, Jewgeni"]
[Black "Smirnov, Artem"]
[Result "1-0"]
[WhiteElo "2197"]
[BlackElo "2429"]
[PlyCount "107"]
[EventDate "2015.12.??"]
[EventType "swiss"]
[EventRounds "9"]

1. e4 c5 2. Nf3 Nc6 3. Nc3 Nf6 4. d4 cxd4 5. Nxd4 d6 6. Be2 g6 7. O-O Bg7 8.
Nxc6 bxc6 9. Bf3 Nd7 10. Be3 O-O 11. Qd2 Re8 12. Be2 Rb8 13. Nd1 c5 14. c3 Bb7
15. f3 Qc7 16. Nf2 Nf6 17. Rac1 Rbd8 18. Bb5 Rf8 19. Rfe1 d5 20. e5 Nd7 21.
Bxd7 Rxd7 22. Nd3 c4 23. Nc5 Rdd8 24. Bd4 Bc8 25. b4 h5 26. e6 f6 27. Re2 Kh7
28. Rce1 Bh6 29. Be3 Bg7 30. Bf4 Qc6 31. Be3 Qc7 32. f4 d4 33. Bxd4 Rd5 34. Rf2
Bh6 35. Ref1 Rfd8 36. Qe3 Rf5 37. Qe4 Rd6 38. h3 h4 39. Qe2 Qc6 40. Qxc4 Rxe6
41. Qb3 Qd6 42. Nxe6 Bxe6 43. Qd1 Bxf4 44. Qe2 Bf7 45. Bc5 Qc7 46. Qg4 e5 47.
Qxh4+ Kg7 48. Qg4 Rg5 49. Qe2 Bd5 50. g4 Bb7 51. Qb5 Qc8 52. Qe2 Qc6 53. Rf3 a5
54. a3 {Zeitüberschreitung - timeout} 1-0

[Event "Böblinger Open 2015"]
[Site "Böblingen"]
[Date "2015.12.30"]
[Round "9.11"]
[White "Xu, Xiangyu"]
[Black "Großhans, Ralf-Michael"]
[Result "1-0"]
[WhiteElo "2390"]
[BlackElo "2174"]
[PlyCount "53"]
[EventDate "2015.12.??"]
[EventType "swiss"]
[EventRounds "9"]
[BlackTeam "SK Weidhausen"]

1. f4 d5 2. Nf3 c5 3. g3 Nc6 4. Bg2 g6 5. O-O Bg7 6. d3 e6 7. e4 Nge7 8. c3 b6
9. e5 a5 10. Re1 a4 11. Be3 Bd7 12. Nbd2 Qc7 13. Bf2 O-O 14. Nf1 Rfc8 15. h4
Rab8 16. h5 Nd8 17. N1h2 f5 18. exf6 Bxf6 19. hxg6 Nxg6 20. Ng4 Bg7 21. Nge5
Be8 22. Bh3 Qd6 23. Nxg6 hxg6 24. Ng5 Rc6 25. Qxa4 e5 26. fxe5 Qe7 27. Qh4 1-0